000 00995cam a2200277 i 4500
005 20260322212048.0
008 data
010 _a 75331411
020 _a0525473823 :
_c{dollar}6.95
020 _a9780525473824 :
_c{dollar}6.95
040 _aDLC
_cDLC
_dCtY
050 0 _aBF637.C45
_bB6
090 _aBF 637 .C45 B445b B6
245 0 4 _aThe Body as a medium of expression :
_bessays based on a course of lectures given at the Institute of Contemporary Arts, London /
_cedited by Jonathan Benthall, Ted Polhemus & Institute of Contemporary Arts (London, England).
250 _a1st ed.
260 0 _aNew York :
_bDutton,
_c1975.
300 _a339 p., [8] leaves of plates :
_bill. ;
_c21 cm.
500 _a"A Dutton paperback."
504 _aIncludes bibliographical references and index.
590 _aIncludes index
650 0 _aBody language.
700 1 _aBenthall, Jonathan.
700 1 _aPolhemus, Ted.
710 2 _aInstitute of Contemporary Arts (London, England)
001 data
999 _c1127
_d1127